Longest Czech Rivers - Map Quiz - Statistics

General Stats
  • This quiz has been taken 134 times
  • The average score is 10 of 18
Answers on the Map
Answers color-coded by a green-red scale on the quiz's map according to % correct below.
 
Answer Stats
Answer % Correct
Vltava
83%
Labe
82%
Berounka
70%
Morava
70%
Ohre
63%
Jizera
62%
Sazava
62%
Becva
59%
Chrudimka
59%
Oder
59%
Jihlava
55%
Otava
45%
Luznice
44%
Thava
44%
Radbuza
42%
Svrakta
42%
Uhlava
42%
Zelivka
41%
No matching quizzes found
Score Distribution
Percent of People with Each Score
Percentile by Number Answered
Your Score History
You have not taken this quiz